000 00447nam a2200121Ia 4500
008 160712s9999 xx 000 0 und d
100 _aBasilia, Pauline A.
245 _cPauline A. Basilia
_aButtons of San Juan: Preliminary Analysis of Buttons Recovered from San Juan, Batangas 2009 Field Season
260 _c2014
_bHukay
300 _avol. 19
650 _xARCHAEOLOGY
856 _uhttp://journals.upd.edu.ph/index.php/asp/issue/view/455/showToc
999 _c297147
_d297147